ბათუმის შოთა რუსთაველის სახელმწიფო უნივერსიტეტის ბიბლიოთეკა

Наука в истории общества : (ბიბ.ჩანაწერი № 61016)

000 -LEADER
fixed length control field 00599nam a22001577a 4500
005 - DATE AND TIME OF LATEST TRANSACTION
control field 20231207102716.0
008 - FIXED-LENGTH DATA ELEMENTS--GENERAL INFORMATION
fixed length control field 231207s1956 ru ||||| |||| 00| 0 rus d
041 ## - LANGUAGE CODE
Language code of text/sound track or separate title rus
080 ## - UNIVERSAL DECIMAL CLASSIFICATION NUMBER
Universal Decimal Classification number 001(09) Б-48
100 ## - MAIN ENTRY--PERSONAL NAME
Personal name Бернал, Дж.
9 (RLIN) 20611
245 ## - TITLE STATEMENT
Title Наука в истории общества :
Statement of responsibility, etc. Дж. Бернал.
264 ## - PRODUCTION, PUBLICATION, DISTRIBUTION, MANUFACTURE, AND COPYRIGHT NOTICE
Place of production, publication, distribution, manufacture М.:
Name of producer, publisher, distributor, manufacturer Издательство иностранной литературы,
Date of production, publication, distribution, manufacture, or copyright notice 1956.
300 ## - PHYSICAL DESCRIPTION
Extent 735 с.;
Other physical details 27 см.
653 ## - INDEX TERM--UNCONTROLLED
keyword მეცნიერება საზოგადოების ისტორიაში
942 ## - ADDED ENTRY ELEMENTS (KOHA)
Source of classification or shelving scheme
Koha item type წიგნი
ეგზემპლარები
Withdrawn status Lost status Source of classification or shelving scheme Damaged status Not for loan Permanent Location Current Location Shelving location Date acquired Cost, normal purchase price Full call number Barcode Date last seen Copy number Uniform Resource Identifier Price effective from Koha item type Public note
          ბათუმის შოთა რუსთაველის სახელმწიფო უნივერსიტეტის მთავარი ბიბლიოთეკა ბათუმის შოთა რუსთაველის სახელმწიფო უნივერსიტეტის მთავარი ბიბლიოთეკა წიგნსაცავი 2023-12-07 8.00 001(09) Б-48 65512 2023-12-07 65512 ბსუ-ს საპატიო დოქტორის გურამ ლორთქიფანიძის საჩუქარი 2023-12-07 წიგნი 8 ლ.